Historic Towns Preservation and Change (Record no. 5238)

000 -LEADER
fixed length control field 00255nam a2200097Ia 4500
008 - FIXED-LENGTH DATA ELEMENTS--GENERAL INFORMATION
fixed length control field 200302s9999 xx 000 0 und d
100 ## - MAIN ENTRY--PERSONAL NAME
Personal name Author
245 ## - TITLE STATEMENT
Title Historic Towns Preservation and Change
260 ## - PUBLICATION, DISTRIBUTION, ETC.
Name of publisher, distributor, etc. Her Majesty's Stationery Office
300 ## - PHYSICAL DESCRIPTION
Extent 49 P.,
Holdings
Withdrawn status Lost status Damaged status Not for loan Permanent Location Current Location Date acquired Cost, normal purchase price Full call number Barcode Date last seen Price effective from Koha item type
        BMS College of Architecture, Design and Planning BMS College of Architecture, Design and Planning 2020-03-03 173.00 711.40942 CL-PG18749 2020-03-03 2020-03-03 PG Books from CL
Copyright © 2025, The Librarian, Library and Information Centre, BMSCA D&P, Bengaluru. All Rights Reserved
web counter

Powered by Koha